000 00648nam a22001937a 4500
005 20251108173443.0
008 250721s2007 xx 000 0 ara d
082 1 4 _a306.0956/ثقا
100 1 _aالعسكري، سليمان
_eمحرر
245 1 0 _aالثقافة العلمية و استشراق المستقبل العربي /
264 1 _aالصفاة :
_bوزارة الإعلام - مجلة "العربي"،
_c2007.
300 _a352 ص.
490 0 _aسلسلة فصيلة
650 1 7 _aالثقافة العربية
650 1 7 _aالعالم
710 2 _aمجموعة من الكتاب
942 _2ddc
_cBK
999 _c104258
_d104258